00557nam a22001457a 4500003000400000082001800004100001900022245014500041260004400186300000800230650003300238942001200271952011100283999001700394SGT a617.522bC25D aDawar, Sameera aComparative analysis of microneedling with PRP versus microneedling with Vitamin C serum in the management of Post-operative cleft lip scars aGurugram, HaryanabSGT Universityc2025 a104 aOral & Maxillofacial Surgery 2ddccTH 00102ddc405171aFDbFDd2025-07-14iSGTUl0o617.522 C25DpDT2269r2025-07-14 00:00:00w2025-07-14yTH c32102d32102